<?xml version="1.0" encoding="UTF-8"?><?xml-stylesheet type="text/xsl" href="static/style.xsl"?><OAI-PMH xmlns="http://www.openarchives.org/OAI/2.0/" xmlns:xsi="http://www.w3.org/2001/XMLSchema-instance" xsi:schemaLocation="http://www.openarchives.org/OAI/2.0/ http://www.openarchives.org/OAI/2.0/OAI-PMH.xsd"><responseDate>2026-04-19T02:34:48Z</responseDate><request verb="GetRecord" identifier="oai:riubu.ubu.es:10259/6846" metadataPrefix="marc">https://riubu.ubu.es/oai/request</request><GetRecord><record><header><identifier>oai:riubu.ubu.es:10259/6846</identifier><datestamp>2025-11-04T13:52:23Z</datestamp><setSpec>com_10259.4_2543</setSpec><setSpec>com_10259_5086</setSpec><setSpec>com_10259_2604</setSpec><setSpec>col_10259.4_2544</setSpec></header><metadata><record xmlns="http://www.loc.gov/MARC21/slim" xmlns:doc="http://www.lyncode.com/xoai" xmlns:xsi="http://www.w3.org/2001/XMLSchema-instance" xmlns:dcterms="http://purl.org/dc/terms/" xsi:schemaLocation="http://www.loc.gov/MARC21/slim http://www.loc.gov/standards/marcxml/schema/MARC21slim.xsd">
<leader>00925njm 22002777a 4500</leader>
<datafield tag="042" ind1=" " ind2=" ">
<subfield code="a">dc</subfield>
</datafield>
<datafield tag="720" ind1=" " ind2=" ">
<subfield code="a">Fernández Hawrylak, María</subfield>
<subfield code="e">author</subfield>
</datafield>
<datafield tag="720" ind1=" " ind2=" ">
<subfield code="a">Orozco Gómez, Martha Lucía</subfield>
<subfield code="e">author</subfield>
</datafield>
<datafield tag="720" ind1=" " ind2=" ">
<subfield code="a">Heras Sevilla, Davinia</subfield>
<subfield code="e">author</subfield>
</datafield>
<datafield tag="260" ind1=" " ind2=" ">
<subfield code="c">2016</subfield>
</datafield>
<datafield tag="520" ind1=" " ind2=" ">
<subfield code="a">Este artículo presenta distintos elementos de reflexión en el proceso de formación de las familias transnacionales a través de una revisión bibliográfica de investigaciones actuales en materia de migración internacional. La familia como protagonista del proceso migratorio demanda una nueva estructuración y organización en el ordenamiento de su vida cotidiana. Se aborda el impacto de las migraciones en los hogares de estas familias, en los hijos, en la pareja y en otros miembros de la familia extensa. Se estudian las dinámicas transnacionales que han ido adquiriendo los hogares de las familias que emigran y que permiten nuevos equilibrios en su cotidianidad, nuevas formas de socialización y reintegración de la familia en sus prácticas transnacionales. La familia se convierte en motor y motivación permanente en el proceso migratorio para el migrante por el indisoluble vínculo que pese a la distancia mantiene con sus seres queridos.</subfield>
</datafield>
<datafield tag="520" ind1=" " ind2=" ">
<subfield code="a">We explore several elements of reflection about the creation process of transnational families through a literature review of current research on international migration. The family as the protagonist of the migration process demands a new structuring and organisation in the ordering of their daily lives. We approach to the impact of migration in these families’ homes, in the children, in the twosome and in another members of the extended family. We study the transnational dynamics that the migrating families’ homes have acquired which allow new balances in their routine character, new forms of socialization and reintegration of the family in their transnational practices. The family becomes motor and permanent motivation for migrants in the migration process because of the indissoluble bond that despite the distance keep with their loved ones. We collect some reflections for its inclusion from interculturality.</subfield>
</datafield>
<datafield tag="024" ind2=" " ind1="8">
<subfield code="a">1130-8893</subfield>
</datafield>
<datafield tag="024" ind2=" " ind1="8">
<subfield code="a">http://hdl.handle.net/10259/6846</subfield>
</datafield>
<datafield tag="024" ind2=" " ind1="8">
<subfield code="a">10.36576/summa.48581</subfield>
</datafield>
<datafield ind1=" " ind2=" " tag="653">
<subfield code="a">Migración</subfield>
</datafield>
<datafield ind1=" " ind2=" " tag="653">
<subfield code="a">Familia transnacional</subfield>
</datafield>
<datafield ind1=" " ind2=" " tag="653">
<subfield code="a">Género</subfield>
</datafield>
<datafield ind1=" " ind2=" " tag="653">
<subfield code="a">Remesas</subfield>
</datafield>
<datafield ind1=" " ind2=" " tag="653">
<subfield code="a">Redes</subfield>
</datafield>
<datafield ind1=" " ind2=" " tag="653">
<subfield code="a">Migration</subfield>
</datafield>
<datafield ind1=" " ind2=" " tag="653">
<subfield code="a">Transnational family</subfield>
</datafield>
<datafield ind1=" " ind2=" " tag="653">
<subfield code="a">Gender</subfield>
</datafield>
<datafield ind1=" " ind2=" " tag="653">
<subfield code="a">Remittances</subfield>
</datafield>
<datafield ind1=" " ind2=" " tag="653">
<subfield code="a">Networks</subfield>
</datafield>
<datafield tag="245" ind1="0" ind2="0">
<subfield code="a">Familia y migración: las familias transnacionales</subfield>
</datafield>
</record></metadata></record></GetRecord></OAI-PMH>